[Event "AUTO-INT-3457"]
[Site "http://www.queenalice.com/game.php?id=1581279"]
[Date "2019.8.24"]
[Round "1"]
[White "DAN1958"]
[Black "odairsmj"]
[Result "0-1"]
[WhiteElo "1480"]
[BlackElo "1623"]

1. e4 c5 2. d4 cxd4 3. Qxd4 Nc6 4. Qd1 e5 5. c3 Nf6 6. f3 Bc5 7. Ne2 O-O 8. Nd2
d5 9. Nb3 Bb6 10. Ng3 a6 11. Be2 dxe4 12. fxe4 Qxd1+ 13. Kxd1 Bg4 14. Bxg4 Rad8+
15. Kc2 Nxg4 16. h3 Nf2 17. Re1 Nd3 18. Re3 Bxe3 19. Bxe3 Rd7 20. Rd1 Rfd8 21.
Nc5 Nxc5 22. Rxd7 Nxd7 23. Ne2 h6 24. Ng3 Nf6 25. b4 Rc8 26. a3 b5 27. Nf5 Nxe4
28. g4 Kh7 29. Kd3 Nf6 30. Ng3 Rd8+ 31. Ke2 Nd5 32. Kd3 Ndxb4+ 33. Ke2 Nc2 34.
Bb6 Rd7 35. Ne4 Nxa3 36. Kf3 Nb1 37. Be3 b4 38. cxb4 Nxb4 39. h4 Rd3 40. Nf2 Rb3
41. Ne4 Nd5 42. Nc5 Rxe3+ 43. Kf2 a5 44. Na4 Nbc3 45. Nxc3 Rxc3 46. h5 a4 0-1

[Event "AUTO-INT-3457"]
[Site "http://www.queenalice.com/game.php?id=1581280"]
[Date "2019.8.24"]
[Round "1"]
[White "odairsmj"]
[Black "DAN1958"]
[Result "1-0"]
[WhiteElo "1500"]
[BlackElo "1575"]

1. e4 e5 2. Nf3 f6 3. Bc4 Ne7 4. O-O Nbc6 5. d3 b6 6. Nc3 a6 7. a3 b5 8. Ba2 h6
9. Nh4 d6 10. Qh5+ g6 11. Nxg6 Nxg6 12. Qxg6+ Ke7 13. Qf7# 1-0

[Event "AUTO-INT-3469"]
[Site "http://www.queenalice.com/game.php?id=1586143"]
[Date "2019.10.8"]
[Round "1"]
[White "CERVERO"]
[Black "odairsmj"]
[Result "0-1"]
[WhiteElo "1818"]
[BlackElo "1664"]

1. d4 d5 2. c4 e6 3. Nc3 Nf6 4. Bg5 h6 5. Bh4 Be7 6. Nf3 O-O 7. e3 Nc6 8. c5 a6
9. a3 b6 10. b4 Re8 11. Ne5 Nxe5 12. dxe5 Nd7 13. Bxe7 Qxe7 14. Bd3 Nxe5 15. Be2
bxc5 16. Na2 c4 17. Nc3 Bb7 18. f4 Ng6 19. O-O Qf6 20. Qc2 d4 21. exd4 Qxd4+ 22.
Kh1 Nxf4 23. Bf3 Bxf3 24. Rxf3 g5 25. Rd1 Qe5 26. Rff1 Rad8 27. Ne4 Rd4 28. Rxd4
Qxd4 29. Nc5 a5 30. Rc1 Rd8 31. h3 axb4 32. axb4 Rb8 33. Qxc4 Qxc4 34. Rxc4 Nd5
35. Nd3 f6 36. Kg1 Kg7 37. Kf2 e5 38. Kf3 f5 39. Nxe5 Rxb4 40. Rc1 Rb3+ 41. Kf2
Kf6 42. Nf3 Rc3 43. Rd1 Nf4 44. Rd2 h5 45. Nd4 Rd3 46. Rxd3 Nxd3+ 47. Ke3 Nf4
48. Kf3 Ke5 49. Nc6+ Kf6 50. Nd4 c5 51. Nc2 c4 52. h4 c3 53. g3 Nd5 0-1

[Event "AUTO-INT-3469"]
[Site "http://www.queenalice.com/game.php?id=1586144"]
[Date "2019.10.8"]
[Round "1"]
[White "odairsmj"]
[Black "CERVERO"]
[Result "1/2-1/2"]
[WhiteElo "1633"]
[BlackElo "1672"]

1. e4 c5 2. Nf3 d6 3. Bc4 Nf6 4. Nc3 e6 5. e5 Nfd7 6. exd6 Bxd6 7. O-O a6 8. a3
b5 9. Ba2 O-O 10. d3 Bb7 11. Ne4 Bxe4 12. dxe4 Be7 13. Re1 Nc6 14. Be3 Qc7 15.
Qd2 Rad8 16. Qc3 c4 17. b4 Nb6 18. Bxb6 Qxb6 19. Qe3 Qc7 20. Rad1 e5 21. Rd5 Bf6
22. Red1 Rxd5 23. Rxd5 Ne7 24. Rd2 Rd8 25. g4 h6 26. h4 Ng6 27. h5 Nf4 28. Qc5
Qxc5 29. bxc5 Rxd2 30. Nxd2 Ne6 31. c6 Bd8 32. c3 Bc7 33. a4 Nd8 34. Nb1 Nxc6
35. axb5 axb5 36. Na3 Na7 37. f3 Bd6 38. Nc2 Kf8 39. Ne3 g6 40. Kg2 Nc6 41. Kg3
Kg7 42. Nd5 g5 43. Kf2 1/2-1/2

[Event "AUTO-ADV-4273"]
[Site "http://www.queenalice.com/game.php?id=1592700"]
[Date "2019.12.11"]
[Round "1"]
[White "Football_rules"]
[Black "odairsmj"]
[Result "1-0"]
[WhiteElo "1708"]
[BlackElo "1630"]

1. e4 c5 2. Bc4 d6 3. Qf3 e6 4. d3 a6 5. a3 Nc6 6. c3 Nf6 7. h3 Ne5 8. Qe3 Be7
9. Nf3 Nxc4 10. dxc4 O-O 11. Qe2 h6 12. Be3 Re8 13. Qd2 Nxe4 14. Qc1 1-0

[Event "AUTO-ADV-4273"]
[Site "http://www.queenalice.com/game.php?id=1592701"]
[Date "2019.12.11"]
[Round "1"]
[White "odairsmj"]
[Black "Football_rules"]
[Result "0-1"]
[WhiteElo "1644"]
[BlackElo "1694"]

1. e4 e5 2. Nf3 d6 3. Bc4 Qf6 4. Nc3 c6 5. h3 Nd7 6. d3 h6 7. O-O Ne7 8. d4 exd4
9. Nxd4 Ne5 10. Bb3 Qg6 11. Re1 Bxh3 12. g3 Bg4 13. Nde2 Nf3+ 0-1

[Event "AUTO-ADV-4273"]
[Site "http://www.queenalice.com/game.php?id=1592716"]
[Date "2019.12.11"]
[Round "1"]
[White "Bigchess"]
[Black "odairsmj"]
[Result "1-0"]
[WhiteElo "1670"]
[BlackElo "1683"]

1. e4 c5 2. d4 cxd4 3. Qxd4 Nc6 4. Qd1 a6 5. Nf3 e6 6. Bd3 d5 7. exd5 exd5 8.
O-O Nf6 9. Nc3 h6 10. Bf4 Bc5 11. Ne2 O-O 12. Ng3 Re8 13. a3 Bg4 14. h3 Bxf3 15.
Qxf3 Nd4 16. Qd1 Ne6 17. Bd2 Qd6 18. Rb1 b5 19. Kh1 Bxf2 20. Nf5 Qe5 21. Nxh6+
gxh6 22. Rxf2 1-0

[Event "AUTO-ADV-4273"]
[Site "http://www.queenalice.com/game.php?id=1592717"]
[Date "2019.12.11"]
[Round "1"]
[White "odairsmj"]
[Black "Bigchess"]
[Result "0-1"]
[WhiteElo "1666"]
[BlackElo "1687"]

1. e4 e5 2. Nf3 d6 3. Bc4 Be7 4. h3 Nf6 5. Nc3 c6 6. d3 Nbd7 7. O-O Nc5 8. a3
Be6 9. Bxe6 fxe6 10. b4 Ncd7 11. Ne2 O-O 12. Ng5 Qc8 13. Nxe6 Re8 14. f4 Nf8 15.
Ng5 Ng6 16. f5 Nf8 17. c3 h6 18. Nf3 N8d7 0-1

[Event "AUTO-ADV-4273"]
[Site "http://www.queenalice.com/game.php?id=1592727"]
[Date "2019.12.11"]
[Round "1"]
[White "odairsmj"]
[Black "chessman"]
[Result "0-1"]
[WhiteElo "1686"]
[BlackElo "2006"]

1. e4 e6 2. Nf3 d5 3. e5 a6 4. d4 c5 5. Nc3 cxd4 6. Nxd4 Ne7 7. Bd3 Nbc6 8. Nf3
Nb4 9. Be2 Ng6 10. a3 Nc6 11. b4 Ncxe5 12. O-O Nxf3+ 13. Bxf3 Bd7 14. Re1 Bd6
15. Ne2 Be5 0-1